Statistics for Top 10 European Countries with the Most Vehicles

Click here to take the quiz!

General Stats

  • This quiz has been taken 61 times
  • The average score is 9 of 10

Answer Stats

VehiclesCountry% Correct
45,297,000France
100%
58,116,046Russia
100%
52,275,833Germany
98%
40,800,000United Kingdom
98%
29,707,581Spain
97%
45,487,900Italy
95%
25,869,804Poland
92%
10,248,388Netherlands
86%
17,000,000Ukraine
85%
8,502,571Romania
80%

Score Distribution

Percentile by Number Answered

Percent of People with Each Score

Your Score History

You have not taken this quiz